000 00856nam a22002777a 4500
003 OSt
005 20250828105500.0
008 250707b |||||||| |||| 00| 0 eng d
020 _a9780192844309 (Paperback)
024 _cUSD 47
040 _aNUST
_beng
_cNUST
_dNUST
_erda
050 _aKD829 RIC
100 _aRichards, Mark
_eAuthor
245 _aProperty law /
_cMark Richards.
250 _aFourteenth edition.
260 _aOxford :
_bOxford University Press,
_c©2021.
300 _axxiv, 340 pages :
_bIllustrations ;
_c29 cm.
336 _2rdacontent
_atext
_btxt
337 _2rdamedia
_aunmediated
_bn
338 _2rdacarrier
_avolume
_bnc
504 _aIncludes index.
650 _vProperty.
650 _vLaw.
650 _vReal property -- Land law.
942 _2lcc
_cBOOKS
_eFourteenth edition.
_hKD829 RIC
_kKD
_mRIC
_n0
999 _c172177
_d172177